| 000 | 00000cas 2200000zi 4500 |
| 001 | 9.921488 |
| 003 | CaOODSP |
| 005 | 20260304072821 |
| 006 | m o d f |
| 007 | cr ||||||||||| |
| 008 | 230403c20209999onctr p o f0###a0eng|d |
| 022 | |a2817-2949 |
| 040 | |aCaOODSP|beng|erda|cCaOODSP |
| 043 | |an-cn--- |
| 086 | 1 |aFD3-3E-PDF |
| 110 | 2 |aFinancial Transactions and Reports Analysis Centre of Canada.|eauthor,|eissuing body. |
| 222 | 0|aQuarterly financial report for the quarter ended ... |b(Financial Transactions and Reports Analysis Centre of Canada) |
| 245 | 10|aQuarterly financial report for the quarter ended ... / |cFinancial Transactions and Reports Analysis Centre of Canada. |
| 264 | 1|a[Ottawa] : |bFinancial Transactions and Reports Analysis Centre of Canada, |c[2020]- |
| 310 | |aThree times a year |
| 336 | |atext|2rdacontent |
| 337 | |acomputer|2rdamedia |
| 338 | |aonline resource|2rdacarrier |
| 362 | 1 |aBegan with: June 30, 2020. |
| 500 | |aIssued also in French under title: Rapport financier trimestriel pour le trimestre ayant pris fin le ... |
| 610 | 20|aFinancial Transactions and Reports Analysis Centre of Canada|vPeriodicals. |
| 650 | 0|aFinance, Public|zCanada|vPeriodicals. |
| 655 | 7|aPeriodicals|2lcgft |
| 775 | 08|tRapport financier trimestriel pour le trimestre ayant pris fin le ... / |w(CaOODSP)9.921489 |